| 000 | 00684nam a2200181 i 4500 | ||
|---|---|---|---|
| 001 | 66185 | ||
| 003 | ES-MaACL | ||
| 005 | 20230906165548.0 | ||
| 007 | t| | ||
| 008 | 040128s1964 sp ||||1| spa d | ||
| 100 | 1 |
_aGaja Molist, Esteban. _953272 |
|
| 245 | 1 | 0 |
_a25 años de paz en Vall de Uxo / _c[esta obra ha sido preparada, redactada y dirigida por Esteban Gaja Molist ; con la colaboración de Manuel Ferrer Barberán]. |
| 260 |
_aVall de Uxo : _bAyuntamiento de Vall de Uxo, _c1964. |
||
| 300 |
_a185 p., 2 lám. : _bil. ; _c22 cm. |
||
| 700 | 1 |
_aFerrer Barberán, Manuel. _950444 |
|
| 740 | 0 | _aVeinticinco años de paz en Vall de Uxo. | |
| 852 |
_aES-MaACL _jC-26421 _bR.55511 |
||
| 999 |
_c66185 _d66185 |
||